Directorio de bibliotecas dominicanas (Registro nro. 15062)

Detalles MARC
000 -LEADER
fixed length control field 00810nam a2200217 a 4500
001 - CONTROL NUMBER
control field 000026449
003 - CONTROL NUMBER IDENTIFIER
control field DO-SdBPM
005 - DATE AND TIME OF LATEST TRANSACTION
control field 20250520093447.0
007 - PHYSICAL DESCRIPTION FIXED FIELD--GENERAL INFORMATION
fixed length control field ta
008 - FIXED-LENGTH DATA ELEMENTS--GENERAL INFORMATION
fixed length control field 110318s2016 dr 000 0 spa d
020 ## - INTERNATIONAL STANDARD BOOK NUMBER
International Standard Book Number 9789993431510
040 ## - CATALOGING SOURCE
Original cataloging agency DO-SdBPM
Language of cataloging spa
Transcribing agency BPMSU
Description conventions rda
082 #4 - DEWEY DECIMAL CLASSIFICATION NUMBER
Classification number R027.086
Item number P762d 2016
Edition number 22
245 00 - TITLE STATEMENT
Title Directorio de bibliotecas dominicanas
Statement of responsibility, etc.
260 ## - PUBLICATION, DISTRIBUTION, ETC. (IMPRINT)
Place of publication, distribution, etc. Santo Domingo :
Name of publisher, distributor, etc. Biblioteca Nacional Pedro Henríquez Ureña,
-- Proyecto de Fortalecimiento de la Biblioteca Nacional y Red de Bibliotecas Públicas
Date of publication, distribution, etc. 2016
Manufacturer
300 ## - PHYSICAL DESCRIPTION
Extent 450 P. ;
Dimensions 23 cm.
650 #4 - SUBJECT ADDED ENTRY--TOPICAL TERM
Topical term or geographic name as entry element Bibliotecas
Geographic subdivision República Dominicana
Form subdivision Directorios.
710 1# - ADDED ENTRY--CORPORATE NAME
Corporate name or jurisdiction name as entry element República Dominicana.
Subordinate unit Biblioteca Nacional Pedro Henríquez Ureña
710 1# - ADDED ENTRY--CORPORATE NAME
Corporate name or jurisdiction name as entry element República Dominicana.
Subordinate unit Ministerio de Cultura
942 ## - ADDED ENTRY ELEMENTS (KOHA)
Source of classification or shelving scheme Dewey Decimal Classification
Koha item type Libros
Existencias
Withdrawn status Lost status Source of classification or shelving scheme Damaged status Not for loan Collection code Home library Current library Date acquired Total Checkouts Full call number Barcode Date last seen Price effective from Koha item type
    Dewey Decimal Classification     Colección de Referencia Dominicana Biblioteca Pública Metropolitana Salomé Ureña Biblioteca Pública Metropolitana Salomé Ureña 05/20/2025   BOMSU CDR R027.086 P762d 2016 BPMSU25050041 05/20/2025 05/20/2025 Libros